000 00452cam a2200181ua 4500
020 _c50.00
041 _aeng
_h
082 _a631.584
_bDES/SO
100 _aDeshpande, S H.
245 _aSome problems of co-operative farming /
_cS H Deshpande.
_hTextual Documents
250 _a2 /
_b.
260 _aMumbai :
_bHimalaya Publishers ,
_c1981.
300 _a202 ; .
365 _a50.00
504 _a
942 _cBK
999 _c10905
_d10905